Normal view
MARC view
Entry Personal Name
001 - CONTROL NUMBER
- control field: 562767
003 - CONTROL NUMBER IDENTIFIER
- control field: OSt
005 - DATE AND TIME OF LATEST TRANSACTION
- control field: 20220930193906.0
008 - FIXED-LENGTH DATA ELEMENTS
- fixed length control field: 220930|| aca||aabn | a|a d
040 ## - CATALOGING SOURCE
- Original cataloging agency: OSt
- Transcribing agency: OSt
100 ## - HEADING--PERSONAL NAME
- Personal name: Reddy M.R
670 ## - SOURCE DATA FOUND
- Source citation: Work cat.: (OSt)897050: Reddy M.R., value of aspiration cytology in the diagnosis of palpable breast lesions, 1987
